Geometrías no euclidianas
Saved in:
| Main Author: | |
|---|---|
| Format: | Book |
| Language: | Spanish |
| Published: |
Buenos Aires :
Eudeba,
1961
|
| Series: | Cuadernos ;
v. 45 |
| Subjects: |
| LEADER | 00590nam#a2200217#a#4500 | ||
|---|---|---|---|
| 001 | 000870 | ||
| 005 | 20160721141807.0 | ||
| 008 | 030523s1961####ag##################spa#d | ||
| 040 | |a AR-BeUNQ | ||
| 099 | |a 20-S5 | ||
| 100 | 1 | |a Santaló, Luis A | |
| 245 | 0 | 2 | |a Geometrías no euclidianas |c Luis A. Santaló. |
| 260 | |a Buenos Aires : |b Eudeba, |c 1961 | ||
| 300 | |a 64 p | ||
| 490 | 0 | |a Cuadernos ; |v v. 45 | |
| 650 | 7 | |a GEOMETRIA |2 spines | |
| 650 | 7 | |a GEOMETRIA PROYECTIVA |2 spines | |
| 650 | 7 | |a MATEMATICAS |2 spines | |
| 929 | |d 4,00E |e 19950607 |g Exp. 0342/95 |j 11064 | ||
| 942 | |c LIB |n 0 | ||
| 999 | |c 3672 |d 79059 | ||